Statistics for Movies Set in Miami

Click here to take the quiz!

General Stats

  • This quiz has been taken 13,130 times
    (9,747 since last reset)
  • The average score is 8 of 15

Answer Stats

Hint Answer % Correct
A detective must find the Miami Dolphins' missing mascotAce Ventura:
Pet Detective
77%
A serial killer is on the loose, but it's okay because he only kills other bad guysDexter
75%
Four older women share one houseThe Golden Girls
72%
Stylish 1980s detective fights drugs and prostitutionMiami Vice
72%
A Cuban immigrant becomes a successful drug lordScarface
66%
Heroic dolphin saves lives and solves crimesFlipper
65%
Forensic analyst is a total badass despite looking like a leprechaunCSI: Miami
52%
Two doctors own a plastic surgery centerNip/Tuck
51%
A musclebound secret agent and his clueless wife must stop a group of nuclear terroristsTrue Lies
44%
Man must introduce his conservative in-laws to his gay, Jewish, night club-owning fatherThe Birdcage
43%
Two best-friend detectives must recover stolen drugs in this Michael Bay classicBad Boys
38%
For the Miami Sharks pro football team, every week brings so much dramaAny Given Sunday
37%
Burned spy helps people using his spy tricks, and also eats a lot of yogurtBurn Notice
34%
Horny teenagers feud with a redneck strip club ownerPorky's
33%
An irresistible woman has many conniving, yet idiotic suitors vying for her affectionThere's Something
About Mary
31%

Score Distribution

Percentile by Number Answered

Percent of People with Each Score

Your Score History

You have not taken this quiz since the last reset